[Event "4NCL 2019-20"]
[Site "Daventry"]
[Date "2020.01.11"]
[Round "3"]
[White "Pigott, John C"]
[Black "Maciol, Ryszard"]
[Result "1/2-1/2"]
[WhiteElo "2370"]
[BlackElo "2158"]
[Annotator "ChessBase"]
[PlyCount "83"]
[EventDate "2020.01.11"]
[EventCountry "ENG"]
[SourceTitle "playchess.com"]
[Source "ChessBase"]
[SourceQuality "1"]
[TimeControl "40/6000:3000+30"]

1. c4 {[%emt 0:00:00]} e5 {[%emt 0:00:00]} 2. Nc3 {[%emt 0:00:00]} Nc6 {[%emt 0:00:00]} 3. e3 {[%emt 0:00:49]} Nf6 {[%emt 0:03:21]} 4. Nf3 {[%emt 0:00:04]} d5 {[%emt 0:01:32]} 5. cxd5 {[%emt 0:00:00]} Nxd5 {[%emt 0:00:00]} 6. Bb5 {[%emt 0:00:00]} Nxc3 {[%emt 0:02:14]} 7. bxc3 {[%emt 0:00:00]} Bd6 {[%emt 0:00:06]} 8. d4 {[%emt 0:00:00]} exd4 {[%emt 0:03:38]} 9. cxd4 {[%emt 0:00:00]} O-O {[%emt 0:00:00]} 10. O-O {[%emt 0:00:00]} Bf5 {[%emt 0:01:12]} 11. Bb2 {[%emt 0:04:55]} Be4 {[%emt 0:17:12]} 12. Rc1 {[%emt 0:24:44]} Qf6 {[%emt 0:18:30]} 13. Be2 {[%emt 0:19:08]} Rfe8 {[%emt 0:05:09]} 14. Nd2 {[%emt 0:10:06]} Qh6 {[%emt 0:14:22]} 15. g3 {[%emt 0:05:01]} Qh3 {[%emt 0:10:23]} 16. Bf3 {[%emt 0:03:51]} Bxf3 {[%emt 0:03:38]} 17. Qxf3 {[%emt 0:00:00]} Nb4 {[%emt 0:01:27]} 18. Nc4 {[%emt 0:10:13]} Bf8 {[%emt 0:00:05]} 19. Qxb7 {[%emt 0:05:02]} Nxa2 {[%emt 0:03:47]} 20. Rb1 {[%emt 0:00:00]} a5 {[%emt 0:04:17]} 21. Qb3 {[%emt 0:04:57]} Nb4 {[%emt 0:01:08]} 22. Ra1 {[%emt 0:00:00]} Ra6 {[%emt 0:01:01]} 23. f3 {[%emt 0:02:05]} Qe6 {[%emt 0:03:34]} 24. e4 {[%emt 0:00:07]} Rea8 {[%emt 0:01:16]} 25. Ra4 {[%emt 0:01:46]} f5 {[%emt 0:00:54]} 26. d5 {[%emt 0:00:38]} Qe8 {[%emt 0:00:00]} 27. d6 {[%emt 0:00:36]} Qf7 {[%emt 0:00:00]} 28. dxc7 {[%emt 0:00:00]} Bc5+ {[%emt 0:00:00]} 29. Kg2 {[%emt 0:00:00]} fxe4 {[%emt 0:00:00]} 30. fxe4 {[%emt 0:01:42]} Qe6 {[%emt 0:00:00]} 31. Nd2 {[%emt 0:00:00]} Qxb3 {[%emt 0:00:00]} 32. Nxb3 {[%emt 0:00:00]} Bd6 {[%emt 0:00:00]} 33. Rc1 {[%emt 0:00:00]} Rc8 {[%emt 0:00:00]} 34. e5 {[%emt 0:00:21]} Bxc7 {[%emt 0:00:00]} 35. Rxa5 {[%emt 0:00:00]} Rxa5 {[%emt 0:00:00]} 36. Nxa5 {[%emt 0:00:00]} Nd3 {[%emt 0:00:00]} 37. Nc6 {[%emt 0:00:00]} Nxc1 {[%emt 0:00:00]} 38. Ne7+ {[%emt 0:00:00]} Kf8 {[%emt 0:00:00]} 39. Nxc8 {[%emt 0:00:00]} Nd3 {[%emt 0:00:00]} 40. Ba3+ {[%emt 0:00:00]} Kf7 {[%emt 0:00:00]} 41. Bd6 {[%emt 0:51:35]} Bxd6 {[%emt 0:03:02]} 42. exd6 {[%emt 0:00:00]} 1/2-1/2

[Event "4NCL 2019-20"]
[Site "Daventry"]
[Date "2020.01.11"]
[Round "3"]
[White "Reimanis, Ritvars"]
[Black "Turner, Matthew J"]
[Result "1/2-1/2"]
[WhiteElo "2370"]
[BlackElo "2521"]
[Annotator "TA"]
[PlyCount "33"]
[EventDate "2020.01.11"]
[EventCountry "ENG"]
[SourceTitle "playchess.com"]
[Source "ChessBase"]
[SourceQuality "1"]

{[%evp 9,33,15,25,7,16,4,0,0,8,11,12,9,8,8,28,27,41,20,58,10,41,17,10,0,33,29]} 1. d4 d5 2. c4 c6 3. Nf3 Nf6 4. e3 Bg4 5. h3 Bh5 6. Qb3 {D11: Slav Defence: 3 Nf3 sidelines and 3...Nf6 4 e3 Bg4} (6. g4 Bg6 7. Ne5 e6 8. Nd2 Nbd7 9. h4 dxc4 10. Bxc4 Nxe5 11. dxe5 Ne4 12. h5 Nxd2 13. Bxd2 Bd3 {½-½ (49) Shankland,S (2731)-Robson,R (2667) Saint Louis 2019}) 6... Qb6 7. Nh4 e6 8. g4 {The position is equal.} Bg6 9. Nxg6 hxg6 10. Bg2 Nbd7 11. Nc3 dxc4 12. Qxc4 Be7 13. Bd2 O-O {[#]} 14. Rb1 $146 ({Predecessor:} 14. O-O-O Nd5 {½-½ (22) Dziuba,M (2568)-Turner,M (2538) Lund 2017}) 14... e5 15. O-O exd4 16. exd4 Qd8 17. Qb3 {Accuracy: White = 45%, Black = 27%.} 1/2-1/2

[Event "4NCL 2019-20"]
[Site "Daventry"]
[Date "2020.01.11"]
[Round "3"]
[White "Rendle, Thomas E"]
[Black "Moss, Guy"]
[Result "1/2-1/2"]
[WhiteElo "2361"]
[BlackElo "2187"]
[Annotator "ChessBase"]
[PlyCount "119"]
[EventDate "2020.01.11"]
[EventCountry "ENG"]
[SourceTitle "playchess.com"]
[Source "ChessBase"]
[SourceQuality "1"]
[TimeControl "40/6000:3000+30"]

1. e4 {[%emt 0:00:00]} c5 {[%emt 0:00:00]} 2. Nc3 {[%emt 0:00:00]} Nc6 {[%emt 0:00:00]} 3. Bb5 {[%emt 0:00:00]} Nd4 {[%emt 0:00:00]} 4. Nf3 {[%emt 0:00:00]} Nxb5 {[%emt 0:00:00]} 5. Nxb5 {[%emt 0:00:00]} d6 {[%emt 0:00:00]} 6. d4 {[%emt 0:00:57]} Bd7 {[%emt 0:03:25]} 7. Nc3 {[%emt 0:05:21]} cxd4 {[%emt 0:00:44]} 8. Qxd4 {[%emt 0:00:00]} e5 {[%emt 0:05:08]} 9. Qd3 {[%emt 0:01:47]} Bc6 {[%emt 0:00:52]} 10. O-O {[%emt 0:05:52]} h6 {[%emt 0:05:42]} 11. Nd2 {[%emt 0:06:40]} Nf6 {[%emt 0:05:19]} 12. Nc4 {[%emt 0:00:31]} Qc7 {[%emt 0:02:31]} 13. Ne3 {[%emt 0:01:35]} Rd8 {[%emt 0:05:17]} 14. Ned5 {[%emt 0:02:12]} Nxd5 {[%emt 0:04:44]} 15. Nxd5 {[%emt 0:00:36]} Bxd5 {[%emt 0:00:00]} 16. Qxd5 {[%emt 0:00:00]} Be7 {[%emt 0:02:32]} 17. Be3 {[%emt 0:07:14]} O-O {[%emt 0:02:38]} 18. Rad1 {[%emt 0:03:38]} a6 {[%emt 0:04:17]} 19. c3 {[%emt 0:06:09]} Qc6 {[%emt 0:08:25]} 20. f4 {[%emt 0:06:31]} exf4 {[%emt 0:03:21]} 21. Bxf4 {[%emt 0:04:16]} Rfe8 {[%emt 0:05:07]} 22. Rd4 {[%emt 0:16:14]} Qxd5 {[%emt 0:06:29]} 23. Rxd5 {[%emt 0:01:04]} Bf6 {[%emt 0:01:40]} 24. Re1 {[%emt 0:00:00]} Re6 {[%emt 0:00:34]} 25. Kf2 {[%emt 0:00:14]} Rde8 {[%emt 0:02:30]} 26. Kf3 {[%emt 0:06:51]} Be5 {[%emt 0:02:28]} 27. Bxe5 {[%emt 0:00:33]} dxe5 {[%emt 0:00:00]} 28. Rd7 {[%emt 0:00:00]} R6e7 {[%emt 0:01:26]} 29. Red1 {[%emt 0:00:00]} f6 {[%emt 0:00:00]} 30. R7d6 {[%emt 0:03:53]} Kf7 {[%emt 0:01:46]} 31. Rb6 {[%emt 0:00:17]} Rc7 {[%emt 0:00:33]} 32. Ke3 {[%emt 0:02:03]} Re6 {[%emt 0:00:41]} 33. Rxe6 {[%emt 0:00:20]} Kxe6 {[%emt 0:00:00]} 34. Rd8 {[%emt 0:00:00]} Ke7 {[%emt 0:05:22]} 35. Rg8 {[%emt 0:00:00]} Kf7 {[%emt 0:00:00]} 36. Rb8 {[%emt 0:00:00]} h5 {[%emt 0:00:00]} 37. h4 {[%emt 0:00:00]} g6 {[%emt 0:00:00]} 38. g3 {[%emt 0:00:03]} f5 {[%emt 0:03:06]} 39. Rh8 {[%emt 0:00:42]} Kg7 {[%emt 0:00:30]} 40. Rd8 {[%emt 0:00:00]} Rf7 {[%emt 0:01:00]} 41. Rd5 {[%emt 0:56:33]} f4+ {[%emt 0:57:02]} 42. Kf3 {[%emt 0:05:56]} fxg3+ {[%emt 0:00:24]} 43. Kxg3 {[%emt 0:00:04]} Rf4 {[%emt 0:02:31]} 44. Rxe5 {[%emt 0:02:00]} Rg4+ {[%emt 0:00:08]} 45. Kh3 {[%emt 0:00:06]} Kf7 {[%emt 0:00:00]} 46. Rc5 {[%emt 0:00:00]} Rxe4 {[%emt 0:00:00]} 47. Rc7+ {[%emt 0:00:00]} Kf6 {[%emt 0:00:00]} 48. Rxb7 {[%emt 0:00:00]} a5 {[%emt 0:00:00]} 49. a3 {[%emt 0:00:00]} Re3+ {[%emt 0:00:00]} 50. Kg2 {[%emt 0:00:00]} Kf5 {[%emt 0:00:00]} 51. Rb6 {[%emt 0:00:00]} Re4 {[%emt 0:00:00]} 52. Kg3 {[%emt 0:00:00]} Re3+ {[%emt 0:00:00]} 53. Kg2 {[%emt 0:00:00]} Re4 {[%emt 0:00:00]} 54. Kf3 {[%emt 0:00:00]} Rxh4 {[%emt 0:00:00]} 55. Rb5+ {[%emt 0:00:00]} Kf6 {[%emt 0:00:00]} 56. Rxa5 {[%emt 0:00:00]} g5 {[%emt 0:00:00]} 57. Ra6+ {[%emt 0:00:00]} Ke5 {[%emt 0:00:00]} 58. Ra5+ {[%emt 0:00:00]} Kf6 {[%emt 0:00:00]} 59. Ra6+ {[%emt 0:00:00]} Ke5 {[%emt 0:00:00]} 60. Ra5+ {[%emt 0:00:00]} 1/2-1/2

[Event "4NCL 2019-20"]
[Site "Daventry"]
[Date "2020.01.11"]
[Round "3"]
[White "Taylor, Adam C"]
[Black "Walton, Alan J"]
[Result "1/2-1/2"]
[WhiteElo "2361"]
[BlackElo "2123"]
[Annotator "TA"]
[PlyCount "37"]
[EventDate "2020.01.11"]
[EventCountry "ENG"]
[SourceTitle "playchess.com"]
[Source "ChessBase"]
[SourceQuality "1"]

{[%evp 13,37,51,56,68,58,45,64,40,43,34,33,48,52,31,33,5,5,8,6,8,44,-32,-32,-43,-39,-47]} 1. c4 f5 2. d4 Nf6 3. Nc3 e6 4. Nf3 Be7 5. g3 d6 6. Bg2 O-O 7. O-O Ne4 8. Nxe4 {A96: Classical Dutch: Fluid Systems: Early deviations} (8. Qc2 Nxc3 9. bxc3 Nc6 10. d5 Na5 11. dxe6 Bxe6 12. Nd4 Bxc4 13. Nxf5 Bf6 14. Ne3 Bf7 15. Be4 h6 16. Rb1 Kh8 17. c4 {½-½ (25) Ding,L (2777)-Kravtsiv,M (2665) Tbilisi 2017}) 8... fxe4 9. Ne1 d5 10. Be3 {White is slightly better.} Nd7 11. Qc2 $146 ({Predecessor:} 11. f3 dxc4 12. fxe4 Rxf1+ 13. Kxf1 e5 14. Qc2 Nb6 15. d5 Bd7 {1-0 (61) Westerberg,J (2397)-Lyell,M (2186) Budapest 2014}) 11... c6 12. f3 Bg5 13. Bxg5 Qxg5 14. fxe4 {Rxf8+ is the strong threat.} Qe3+ 15. Kh1 {Strongly threatening Rxf8+.} Rxf1+ 16. Bxf1 Nf6 17. Ng2 (17. e5 $14 Ne4 18. Nf3) 17... Qxd4 $15 18. exd5 exd5 19. cxd5 1/2-1/2

[Event "4NCL 2019-20"]
[Site "Daventry"]
[Date "2020.01.11"]
[Round "3"]
[White "Bates, Richard A"]
[Black "Erdos, Viktor"]
[Result "0-1"]
[WhiteElo "2351"]
[BlackElo "2621"]
[Annotator "TA"]
[PlyCount "64"]
[EventDate "2020.01.11"]
[EventCountry "ENG"]
[SourceTitle "playchess.com"]
[Source "ChessBase"]
[SourceQuality "1"]

{[%evp 11,64,-4,4,7,-14,-20,-18,-46,-33,-25,-27,-38,-14,0,-13,-11,-7,-11,0,-57,0,-179,-174,-167,0,0,132,135,198,166,169,31,18,0,0,-14,-19,-42,-12,-21,0,-225,-264,-347,-336,-418,-400,-466,-440,-633,-643,-614,-389,-640,-629]} 1. d4 d5 2. c4 e6 3. Nf3 Nf6 4. g3 dxc4 5. Bg2 c6 6. O-O b5 {[%cal Bb7b5,Bb5b4][%mdl 32]} 7. a4 {E04: Open Catalan: 5 Nf3} Bb7 8. b3 cxb3 9. Qxb3 {The position is equal.} b4 (9... a6 10. Nc3 Be7 11. Rd1 Nbd7 12. Ne5 Nd5 13. Ne4 O-O 14. Nxd7 Qxd7 {½-½ (44) Xiong,J (2712)-Akobian,V (2627) Saint Louis 2019}) 10. Ne5 Be7 11. Bb2 Nfd7 12. Nd3 O-O $146 ({Predecessor:} 12... Na6 13. Nd2 Rb8 14. e4 O-O {½-½ (28) Powell,J (2205)-Kurajica,B (2570) Sremic Krsko 1998}) 13. Nd2 ({Don't blunder} 13. Nxb4 $2 Qb6 $19) 13... Na6 14. Rac1 Rc8 15. Ne4 (15. Rfd1 $11) 15... Qa5 (15... Qb6 $15) 16. Ne5 $2 (16. Rc2 $11) 16... Nxe5 $19 17. dxe5 Rfd8 $2 (17... Nc5 $19 18. Nxc5 Bxc5) 18. Qe3 $11 Nc7 {[#]} (18... Qb6 $11 {remains equal.}) 19. Nd6 $1 $36 {[%cal Rd6b7][%mdl 2560] Black is under strong pressure.} Rb8 {[#]} (19... Bxd6 $16 20. exd6 Ne8) 20. Rc5 $1 $18 {[%cal Rc5a5]} ({Inferior is} 20. Bxc6 Nd5 $11) 20... Qa6 21. Qf3 ({Better is} 21. Be4 $18 {Threatens to win with Bd3.} Nd5 22. Qf3) 21... Rf8 $1 $14 22. Nxb7 Qxb7 23. Rxc6 Nd5 24. Rc4 Qa6 25. Qb3 Nb6 26. Rg4 $2 (26. Rc7 $11 {and White is okay.} Qxa4 27. Qxa4 Nxa4 28. Bd4) 26... Qxa4 $19 ({But not} 26... Nxa4 27. Bd4) 27. Qe3 h5 28. Re4 Qc2 29. Bc1 Rfc8 30. Qf3 (30. Bf3 $142) 30... Qxc1 31. Rxc1 Rxc1+ 32. Bf1 Nd5 {Accuracy: White = 39%, Black = 61%.} 0-1

[Event "4NCL 2019-20"]
[Site "Daventry"]
[Date "2020.01.11"]
[Round "3"]
[White "Macklin, Paul"]
[Black "McNab, Colin A"]
[Result "1-0"]
[WhiteElo "2341"]
[BlackElo "2412"]
[Annotator "TA"]
[PlyCount "49"]
[EventDate "2020.01.11"]
[EventCountry "ENG"]
[SourceTitle "playchess.com"]
[Source "ChessBase"]
[SourceQuality "1"]

{[%evp 13,49,43,43,35,38,46,47,45,37,33,107,107,95,100,119,116,112,108,100,73,197,208,187,199,191,196,194,237,412,377,510,524,1322,1346,2658,2616,2526,2522]} 1. e4 g6 2. d4 d6 3. Be3 Nf6 4. Nc3 c6 5. Qd2 Nbd7 6. Nf3 Bg7 7. Bh6 O-O 8. h4 {B08: Pirc Defence: Classical System} Bxh6 9. Qxh6 Ng4 10. Qd2 $1 {White is slightly better.} h5 11. Ng5 e5 ({Black should play} 11... b5 $14) 12. f3 $16 Ngf6 13. O-O-O $146 ({Predecessor:} 13. a4 Qa5 14. dxe5 dxe5 15. Qd6 Qc5 {½-½ (33) Abasov,N (2640)-Stremavicius,T (2490) Riga 2019}) 13... b5 14. dxe5 dxe5 15. Qd6 Qb6 16. Kb1 Bb7 {[#]} (16... a5 $16) 17. g4 $1 $18 Rad8 18. Bh3 {gxh5 is the strong threat.} hxg4 19. Bxg4 Nxg4 20. fxg4 {aiming for h5.} Nc5 $2 (20... Qc5 {was necessary.} 21. Qc7 Bc8) 21. Qf6 {And now h5 would win.} Nd7 22. Qe7 {White is clearly winning.} Bc8 {[#] and the idea ...Rde8 leaves Black hopeful.} 23. Rd6 $1 {[%mdl 512]} Qf2 {[#]} 24. Rxg6+ $1 {[%mdl 512]} Kh8 {[#]} (24... fxg6 25. Qh7#) 25. Ne6 $1 {[%mdl 576] Double Attack. Accuracy: White = 97%, Black = 32%.} 1-0

[Event "4NCL 2019-20"]
[Site "Daventry"]
[Date "2020.01.11"]
[Round "3"]
[White "Ansell, Simon T"]
[Black "Cyborowski, Lukasz"]
[Result "1-0"]
[WhiteElo "2334"]
[BlackElo "2505"]
[Annotator "RC"]
[PlyCount "59"]
[EventDate "2020.01.11"]
[EventCountry "ENG"]
[SourceTitle "playchess.com"]
[Source "ChessBase"]
[SourceQuality "1"]
[TimeControl "40/6000:3000+30"]

1. e4 {[%emt 0:02:02]} c5 {[%emt 0:00:02]} 2. Nf3 {[%emt 0:00:04]} e6 {[%emt 0:00:43]} 3. g3 {[%emt 0:01:01]} Nc6 {[%emt 0:00:22]} 4. Bg2 {[%emt 0:00:00]} Nf6 {[%emt 0:00:58]} 5. Qe2 {[%emt 0:00:00]} d5 {[%emt 0:10:11]} 6. exd5 {[%emt 0:01:55]} Nxd5 {[%emt 0:00:00]} 7. O-O {[%emt 0:00:11]} Be7 {[%emt 0:00:22]} 8. Na3 {[%emt 0:04:42]} O-O {[%emt 0:02:16]} 9. Nc4 {[%emt 0:00:37]} Qc7 {[%emt 0:13:24]} 10. d3 {[%emt 0:01:26]} b6 {[%emt 0:02:55]} 11. a4 {[%emt 0:06:04]} Bb7 {[%emt 0:01:08]} 12. Bd2 {[%emt 0:04:35]} Rad8 {[%emt 0:02:27]} 13. a5 {[%emt 0:03:24]} Bf6 {[%emt 0:13:51]} 14. Rfe1 {[%emt 0:06:43]} b5 {[%emt 0:04:37]} 15. Nce5 {[%emt 0:00:16]} Ndb4 {[%emt 0:07:06]} 16. a6 {[%emt 0:09:35]} Ba8 {[%emt 0:02:09]} 17. Ng4 {[%emt 0:17:17]} Be7 {[%emt 0:04:33]} 18. Bf4 {[%emt 0:01:05]} Qb6 {[%emt 0:01:27]} 19. h4 {[%emt 0:01:44]} Nxa6 {[%emt 0:04:06]} 20. h5 {[%emt 0:01:21]} Nab4 {[%emt 0:05:50]} 21. h6 {[%emt 0:02:55]} g6 {[%emt 0:00:00]} 22. Bg5 {[%emt 0:04:43]} Qc7 {[%emt 0:06:19]} 23. Bf6 {[%emt 0:02:02]} Nd5 {[%emt 0:08:27]} 24. Bg7 {[%emt 0:00:21]} b4 {[%emt 0:00:57]} 25. c4 {[%emt 0:01:29]} Nb6 {[%emt 0:00:07]} 26. b3 {[%emt 0:01:11]} Nd7 {[%emt 0:00:57]} 27. Qb2 {[%emt 0:01:40]} Rfe8 {[%emt 0:01:41]} 28. Bh8 {[%emt 0:03:38]} Bf8 {[%emt 0:00:01]} 29. Bf6 {[%emt 0:01:13]} Ne7 {[%emt 0:01:43]} 30. Nfe5 {[%emt 0:03:33]} 1-0

[Event "4NCL 2019-20"]
[Site "Daventry"]
[Date "2020.01.11"]
[Round "3"]
[White "Chow, Samuel"]
[Black "Ivell, Nicholas W"]
[Result "1-0"]
[WhiteElo "2317"]
[BlackElo "2177"]
[Annotator "TA"]
[PlyCount "81"]
[EventDate "2020.01.11"]
[EventCountry "ENG"]
[SourceTitle "playchess.com"]
[Source "ChessBase"]
[SourceQuality "1"]

{[%evp 16,81,31,30,21,32,29,25,22,25,24,9,16,0,10,12,69,26,58,62,109,100,94,96,64,33,41,46,37,45,87,71,72,60,85,19,15,8,8,10,44,48,54,15,154,91,220,216,268,268,272,265,283,280,329,331,328,331,331,324,317,312,303,281,403,416,373,358]} 1. d4 d5 2. c4 e6 3. Nf3 c5 4. cxd5 exd5 5. g3 Nc6 6. Bg2 Nf6 7. O-O Be7 8. dxc5 Bxc5 9. a3 Ne4 {D30: Queen's Gambit Declined: Systems without Nc3} 10. Nfd2 f5 11. Nxe4 dxe4 {White has an edge.} 12. Qxd8+ Nxd8 13. Nc3 O-O $146 ({Predecessor:} 13... Be6 14. Bf4 Nf7 15. Rac1 Rc8 16. Na4 Bd6 17. f3 exf3 18. Bxf3 {½-½ (65) Buhmann,R (2612)-Krassowizkij,J (2429) Germany 2015}) 14. g4 fxg4 15. Nxe4 Be7 ({Black should try} 15... Bd4 $11) 16. b4 Nc6 17. Be3 Bf5 18. Nc5 Bxc5 19. Bxc5 Rfe8 20. Be3 Be4 21. Rfd1 Bxg2 22. Kxg2 Ne5 23. Rac1 Re7 24. Rd5 b6 25. Bg5 ({Better is} 25. Kg3 $16) 25... Ng6 $1 $11 26. Rc2 Rf7 27. Kg3 Raf8 28. Be3 Nf4 29. Rd4 (29. Bxf4 {feels hotter.} Rxf4 30. Rd7 Rxf2 31. Rcc7 R8f7 32. Rxf7 Rxf7 33. Rc8+) 29... g5 (29... Nh3 $11) 30. Bxf4 (30. Kxg4 $142 h6 31. Rd6) 30... gxf4+ (30... Rxf4 $16 31. Rxf4 Rxf4) 31. Kxg4 $16 {[%mdl 4096] Endgame KRR-KRR} f3 {[#]} 32. e3 $1 Rg7+ 33. Kh3 Re7 34. Kg3 Rg7+ 35. Rg4 Rxg4+ 36. Kxg4 $18 {KR-KR} Rf7 37. Rc4 Kg7 38. Rf4 Rc7 39. Kxf3 ({Resist} 39. Rxf3 a5 $18) 39... b5 (39... Rc3 $142 40. a4 Kg6) 40. Rf5 a6 41. Rc5 {Accuracy: White = 58%, Black = 35%.} 1-0

[Event "4NCL 2019-20"]
[Site "Daventry"]
[Date "2020.01.11"]
[Round "3"]
[White "Grieve, Harry"]
[Black "Connell, Blair N"]
[Result "1-0"]
[WhiteElo "2299"]
[BlackElo "2239"]
[Annotator "ChessBase"]
[PlyCount "81"]
[EventDate "2020.01.11"]
[EventCountry "ENG"]
[SourceTitle "playchess.com"]
[Source "ChessBase"]
[SourceQuality "1"]
[TimeControl "40/6000:3000+30"]

1. e4 {[%emt 0:00:00]} e5 {[%emt 0:07:31]} 2. Nf3 {[%emt 0:00:00]} Nf6 {[%emt 0:01:50]} 3. Nxe5 {[%emt 0:00:00]} d6 {[%emt 0:00:23]} 4. Nf3 {[%emt 0:00:00]} Nxe4 {[%emt 0:00:00]} 5. Nc3 {[%emt 0:00:00]} Nxc3 {[%emt 0:00:29]} 6. dxc3 {[%emt 0:00:00]} Be7 {[%emt 0:01:46]} 7. Be3 {[%emt 0:00:00]} Nc6 {[%emt 0:03:57]} 8. Qd2 {[%emt 0:00:16]} Bf5 {[%emt 0:04:27]} 9. O-O-O {[%emt 0:04:33]} Qd7 {[%emt 0:04:55]} 10. h3 {[%emt 0:07:32]} a6 {[%emt 0:04:18]} 11. Nd4 {[%emt 0:09:33]} Nxd4 {[%emt 0:03:18]} 12. Bxd4 {[%emt 0:00:00]} O-O {[%emt 0:08:41]} 13. Kb1 {[%emt 0:07:44]} Rfe8 {[%emt 0:04:41]} 14. f3 {[%emt 0:04:18]} c5 {[%emt 0:10:58]} 15. Bxc5 {[%emt 0:07:03]} dxc5 {[%emt 0:00:00]} 16. Qd3 {[%emt 0:00:19]} Qd6 17. Qxd6 {[%emt 0:00:00]} Be6 {[%emt 0:00:05]} 18. Qd7 Bxd7 {[%emt 0:00:00]} 19. Rxd7 {[%emt 0:00:00]} Rad8 {[%emt 0:00:00]} 20. Rxd8 {[%emt 0:00:02]} Bxd8 {[%emt 0:04:37]} 21. Bd3 {[%emt 0:02:14]} Bh4 {[%emt 0:01:13]} 22. a4 {[%emt 0:09:40]} a5 {[%emt 0:01:21]} 23. Ka2 {[%emt 0:02:06]} g6 {[%emt 0:03:34]} 24. Kb3 {[%emt 0:01:41]} b6 {[%emt 0:00:29]} 25. Kc4 {[%emt 0:02:56]} Rd8 {[%emt 0:04:34]} 26. Rd1 {[%emt 0:22:16]} Kf8 {[%emt 0:09:39]} 27. Kb5 {[%emt 0:01:27]} Rd6 {[%emt 0:02:05]} 28. Be2 {[%emt 0:00:45]} Rxd1 {[%emt 0:00:11]} 29. Bxd1 {[%emt 0:00:00]} Bd8 {[%emt 0:00:00]} 30. Kc6 {[%emt 0:00:00]} Ke7 {[%emt 0:00:05]} 31. f4 {[%emt 0:00:00]} f5 {[%emt 0:01:06]} 32. Be2 {[%emt 0:02:00]} h6 {[%emt 0:00:00]} 33. Ba6 {[%emt 0:02:50]} Ke6 {[%emt 0:01:29]} 34. Bc8+ {[%emt 0:00:00]} Ke7 {[%emt 0:00:00]} 35. Bd7 {[%emt 0:01:38]} Kf6 {[%emt 0:00:03]} 36. Be8 {[%emt 0:00:15]} g5 {[%emt 0:00:00]} 37. Kd7 {[%emt 0:00:00]} Be7 {[%emt 0:00:00]} 38. fxg5+ {[%emt 0:00:00]} hxg5 {[%emt 0:00:00]} 39. Kc7 {[%emt 0:00:00]} g4 {[%emt 0:00:00]} 40. hxg4 {[%emt 0:00:00]} fxg4 {[%emt 0:00:00]} 41. Kxb6 {[%emt 0:49:35]} 1-0

[Event "4NCL 2019-20"]
[Site "Daventry"]
[Date "2020.01.11"]
[Round "3"]
[White "Wu, Li"]
[Black "Ledger, Stephen C"]
[Result "1-0"]
[WhiteElo "2291"]
[BlackElo "2013"]
[Annotator "ChessBase"]
[PlyCount "81"]
[EventDate "2020.01.11"]
[EventCountry "ENG"]
[SourceTitle "playchess.com"]
[Source "ChessBase"]
[SourceQuality "1"]
[TimeControl "40/6000:3000+30"]

1. d4 {[%emt 0:00:00]} Nf6 {[%emt 0:00:00]} 2. c4 {[%emt 0:00:00]} c5 {[%emt 0:00:00]} 3. d5 {[%emt 0:00:00]} b5 {[%emt 0:00:00]} 4. cxb5 {[%emt 0:00:00]} a6 {[%emt 0:00:00]} 5. bxa6 {[%emt 0:00:00]} Bxa6 {[%emt 0:00:00]} 6. Nc3 {[%emt 0:00:00]} g6 {[%emt 0:00:00]} 7. e4 {[%emt 0:00:00]} Bxf1 {[%emt 0:00:00]} 8. Kxf1 {[%emt 0:00:00]} d6 {[%emt 0:00:00]} 9. g3 {[%emt 0:00:00]} Bg7 {[%emt 0:00:00]} 10. Kg2 {[%emt 0:00:00]} O-O {[%emt 0:00:00]} 11. Nf3 {[%emt 0:00:00]} Nbd7 {[%emt 0:00:00]} 12. a4 {[%emt 0:03:15]} Qb6 {[%emt 0:02:25]} 13. Ra3 {[%emt 0:03:55]} Rfb8 {[%emt 0:03:50]} 14. Nd2 {[%emt 0:04:26]} Ne8 {[%emt 0:08:52]} 15. h4 {[%emt 0:07:03]} h5 {[%emt 0:07:50]} 16. Nb5 {[%emt 0:19:20]} Nc7 {[%emt 0:08:25]} 17. Nc4 {[%emt 0:02:31]} Qb7 {[%emt 0:00:00]} 18. Nxc7 {[%emt 0:00:30]} Qxc7 {[%emt 0:00:00]} 19. Qc2 {[%emt 0:08:34]} Ne5 {[%emt 0:03:23]} 20. b3 {[%emt 0:08:59]} Nxc4 {[%emt 0:03:53]} 21. bxc4 {[%emt 0:00:00]} Rb4 {[%emt 0:02:00]} 22. Bd2 {[%emt 0:04:15]} Rb2 {[%emt 0:08:30]} 23. Qd3 {[%emt 0:00:30]} Qb7 {[%emt 0:02:35]} 24. a5 {[%emt 0:10:01]} Rb8 {[%emt 0:05:14]} 25. a6 {[%emt 0:02:46]} Qa7 {[%emt 0:06:59]} 26. Rha1 {[%emt 0:00:26]} Rxd2 {[%emt 0:07:19]} 27. Qxd2 {[%emt 0:00:00]} Bxa1 {[%emt 0:00:00]} 28. Rxa1 {[%emt 0:00:00]} Rb4 {[%emt 0:00:00]} 29. Qc2 {[%emt 0:05:38]} Kh7 {[%emt 0:08:14]} 30. Ra5 {[%emt 0:00:25]} f6 {[%emt 0:10:01]} 31. Qa2 {[%emt 0:00:28]} Rb6 {[%emt 0:05:13]} 32. Qa4 {[%emt 0:02:55]} Kg7 {[%emt 0:01:09]} 33. Qe8 {[%emt 0:06:47]} Rb8 {[%emt 0:01:10]} 34. Qc6 {[%emt 0:00:39]} Rb6 {[%emt 0:00:41]} 35. Ra2 {[%emt 0:01:44]} Rb8 {[%emt 0:00:24]} 36. f4 {[%emt 0:00:56]} Kf7 {[%emt 0:00:30]} 37. e5 {[%emt 0:00:00]} fxe5 {[%emt 0:00:29]} 38. fxe5 {[%emt 0:00:00]} dxe5 {[%emt 0:00:08]} 39. Qe6+ {[%emt 0:00:00]} Kg7 {[%emt 0:00:03]} 40. Rf2 {[%emt 0:00:27]} Kh6 {[%emt 0:00:08]} 41. Qxe5 {[%emt 0:11:19]} 1-0